Locating indian literature: (Record no. 144467)

MARC details
000 -LEADER
fixed length control field 00833nam a22002177a 4500
005 - DATE AND TIME OF LATEST TRANSACTION
control field 20180828155811.0
010 ## - LCCN (DPL NO)
LC control number 1718EN-30 B-687352-353 ENG-123873
020 ## - INTERNATIONAL STANDARD BOOK NUMBER
International Standard Book Number 9789386392404
Terms of availability 495.00
035 ## - SYSTEM CONTROL NUMBER
System control number B-687352-353 EN-107405
037 ## - SOURCE OF ACQUISITION
Source of stock number/acquisition Uppal
Stock number DPL
037 ## - SOURCE OF ACQUISITION
Source of stock number/acquisition DBAD/PUB
082 ## - DEWEY DECIMAL CLASSIFICATION NUMBER
Classification number 891.209
100 ## - MAIN ENTRY--PERSONAL NAME
Personal name Ramakrishnan, E.V.
245 ## - TITLE STATEMENT
Title Locating indian literature:
Statement of responsibility, etc by E V.Ramakrishnan
Remainder of title texts, traditions, translations /
260 ## - PUBLICATION, DISTRIBUTION, ETC. (IMPRINT)
Date of publication, distribution, etc 2017
Place of publication, distribution, etc New Delhi
Name of publisher, distributor, etc Orient Blackswan
270 ## - ADDRESS
Address 1/24, Asaf Ali Road
City New Delhi
Postal code 110002
300 ## - PHYSICAL DESCRIPTION
Dimensions 23cm(pbk)
Extent xii,215p.
500 ## - GENERAL NOTE
General note It includes references and index
942 ## - ADDED ENTRY ELEMENTS (KOHA)
Item type English Books
Source of classification or shelving scheme Dewey Decimal Classification
Call number suffix RAM
Classification part 891.209
Holdings
Withdrawn status Lost status Not for loan Collection code Home library Current library Date acquired Source of acquisition Cost, normal purchase price Full call number Barcode Copy number Cost, replacement price Koha item type
      Non-fiction Ashok Vihar Ashok Vihar 25/06/2018 Uppal 14846/04.12.2017/691/20.11.2017/10.01.2018 495.00 891.209 RAM B-687353 1 495.00 English Books
    Not For Loan Non-fiction D.B.Act.Division Bawana 28/08/2018 DBAD/PUB 495.00 891.209 RAM EN-107405 1 495.00 English Books
      Non-fiction Central Library Central Library 25/06/2018 Uppal 14846/04.12.2017/691/20.11.2017/10.01.2018 495.00 891.209 RAM B-687352 1 495.00 English Books

© Delhi Public Library
Hit Counter
free hit counter